| 000 | 00555cam a2200205ua 4500 | ||
|---|---|---|---|
| 001 | 1148 | ||
| 005 | 20260515113304.0 | ||
| 008 | 110429n ii |||gr||||Z||||||eng | ||
| 020 | _a81-87125-61-6 | ||
| 040 | _cMAIN | ||
| 082 | _a332.4 | ||
| 245 | 1 |
_aMoney ,banking, international trade and public finance. _cBy M L Jhingan. |
|
| 250 | _a6th. | ||
| 260 |
_aDelhi.: _bVrinda., _c2001. |
||
| 300 |
_a817 p.: _c30 cm. |
||
| 653 | _aEconomics. | ||
| 653 | _aMoney, banking, international trade and public finance. | ||
| 700 | _aJhingan, M N., | ||
| 942 | _cBK | ||
| 999 |
_c1060 _d1060 |
||